Il libero arbitrio (Record n. 346651)

Dettagli MARC
000 -LEADER
fixed length control field 00898nam a2200265Ia 4500
001 - CONTROL NUMBER
control field 270.008-MET ol li (22898)
003 - CONTROL NUMBER IDENTIFIER
control field IT-MiSPE
005 - DATE AND TIME OF LATEST TRANSACTION
control field 20180505164413.0
008 - FIXED-LENGTH DATA ELEMENTS--GENERAL INFORMATION
fixed length control field 171229s9999||||xx |||||||||||||| ||und||
040 ## - CATALOGING SOURCE
Original cataloging agency IT-MiSPE
Transcribing agency IT-MiSPE
041 ## - LANGUAGE CODE
Language code of text/sound track or separate title ITALIANO
999 ## - SYSTEM CONTROL NUMBERS (KOHA)
Koha Dewey Subclass [OBSOLETE] NO
100 ## - MAIN ENTRY--PERSONAL NAME
Personal name Metodio di Olimpo (Méthode d'Olympe)
9 (RLIN) 57001
240 ## - UNIFORM TITLE
Uniform title De libero arbitrio - Perì toû autexousíou
245 #0 - TITLE STATEMENT
Title Il libero arbitrio
250 ## - EDITION STATEMENT
Edition statement 1a ed. (v)
260 ## - PUBLICATION, DISTRIBUTION, ETC. (IMPRINT)
Place of publication, distribution, etc. Milano
Name of publisher, distributor, etc. Paoline
Date of publication, distribution, etc. 2015
300 ## - PHYSICAL DESCRIPTION
Extent 446 p.
Dimensions 20,5 cm
490 ## - SERIES STATEMENT
Series statement Letture cristiane del primo millennio
Volume/sequential designation 53
501 ## - WITH NOTE
With note Edizioni San Paolo srl - Piazza Soncino, 5 - 20092 CINISELLO BALSAMO (MI) (non commercial uses only) ® Copyright 2018
520 ## - SUMMARY, ETC.
Summary, etc. Ed. bilingue (testo originale a fronte)
700 ## - ADDED ENTRY--PERSONAL NAME
Personal name Roberta Franchi
9 (RLIN) 57002
700 ## - ADDED ENTRY--PERSONAL NAME
Personal name Roberta Franchi
Miscellaneous information (traduzione)
9 (RLIN) 57003
942 ## - ADDED ENTRY ELEMENTS (KOHA)
Koha item type LIBRO
Source of classification or shelving scheme Dewey Decimal Classification
Dati di copia
Withdrawn status Lost status Source of classification or shelving scheme Damaged status Not for loan Home library Current library Date acquired Total Checkouts Full call number Date last seen Price effective from Koha item type Public note
    Dewey Decimal Classification Buone Condizioni Not For Loan CINISELLO CINISELLO 30/12/2017   270.008-MET ol li (22898) 30/12/2017 30/12/2017 LIBRO (data import: 20 dicembre 2017) - By Epidotti, Vaglietti.
CREDITS: SOCIETA' SAN PAOLO Via A.Severo, 58 - ROMA (RM) & PERIODICI SAN PAOLO SRL Via Giotto, 36 MILANO & CISF Via Giotto, 36 MILANO & EDIZIONI SAN PAOLO SRL,  Piazza Soncino, 5 CINISELLO BALSAMO (MI) -- ITALY